José María Córdova Int. Destinations (Medellin, Colombia) - Map - Statistics

General Stats
  • This quiz has been taken 16 times
  • The average score is 34 of 41
Answers on the Map
Answers color-coded by a green-red scale on the quiz's map according to % correct below.
 
Answer Stats
Destination % Correct
Bogotá
100%
Buenos Aires (Ezeiza)
100%
Cali
100%
Caracas
100%
Houston (Intercontinental)
100%
Lima
100%
Madrid
100%
Mexico City
100%
Miami
100%
Orlando
100%
Panama City (Albrook)
100%
Panama City (Bilboa)
100%
Panama City (Tocumen)
100%
San José (CR)
100%
San Juan
100%
San Salvador
100%
Santiago de Chile
100%
Santiago de los Caballeros
100%
Santo Domingo (Las Américas)
100%
Aruba
92%
Cancún
92%
Montréal (Trudeau)
92%
New York (JFK)
92%
Punta Cana
92%
Quito
92%
Toronto (Pearson)
92%
Bonaire
85%
Cartagena
85%
Curaçao
85%
Guayaquil
77%
Barranquilla
69%
Valencia (VE)
69%
Bucaramanga
62%
Fort Lauderdale
62%
Cúcuta
54%
Santa Marta
54%
Pasto
46%
Pereira
38%
San Andrés Island
38%
Armenia
31%
Montería
15%
No matching quizzes found
Score Distribution
Percent of People with Each Score
Percentile by Number Answered
Your Score History
You have not taken this quiz